|
|
|
|
| LEADER |
00000cam a2200000 7i4500 |
| 001 |
0000009604 |
| 002 |
000010466 |
| 005 |
20000330.0 |
| 020 |
|
|
|a 9812240357
|
| 090 |
0 |
0 |
|a JF
|b BOO
|
| 245 |
1 |
0 |
|a Healty living :
|b anti drugs
|
| 260 |
|
|
|a Singapore :
|b Bookworm Publishing ,
|c 1995
|
| 300 |
|
|
|a 74p. :
|b ill ;
|c 17cm.
|
| 650 |
0 |
0 |
|a Children's stories
|
| 999 |
|
|
|a 047201
|b BUKU
|c PINJAMAN
|e PERPUSTAKAAN KOMUNITI PETALING JAYA
|
| 999 |
|
|
|a 047202
|b BUKU
|c PINJAMAN
|e PERPUSTAKAAN KOMUNITI PETALING JAYA
|
| 999 |
|
|
|a 050989
|b BUKU
|c PINJAMAN
|e PERPUSTAKAAN KOMUNITI PETALING JAYA
|
| 999 |
|
|
|a 050990
|b BUKU
|c PINJAMAN
|e PERPUSTAKAAN KOMUNITI PETALING JAYA
|
| 999 |
|
|
|a 050991
|b BUKU
|c PINJAMAN
|e PERPUSTAKAAN KOMUNITI PETALING JAYA
|